| 000 | 00903nam a2200205 a 4500 | ||
|---|---|---|---|
| 003 | 0 | ||
| 005 | 20250516144350.0 | ||
| 008 | 030519s19uu xx 00 eng d | ||
| 050 |
_aPHS HV 8880 _b.M57 2003 |
||
| 100 | _aMiraflores, Emma Faith. | ||
| 245 |
_aA Comparative study on the physical, emotional, spiritual and interpersonal conditions of prisoners under maximum and medium detention cells of New Bilibid Prison, Muntinlupa City / _cEmma Faith Miraflores. |
||
| 260 |
_aLas PiƱas City, Philippines : _bSouthville International School and Colleges, _c2003. |
||
| 300 |
_a108 pages : _billustrations ; _c28 cm. |
||
| 504 | _aIncludes bibliographical references. | ||
| 650 |
_aPrisoners _zPhilippines _xPsychology. |
||
| 650 |
_aPrisons _zPhilippines _xConditions. |
||
| 650 |
_aPrisoners _zPhilippines _xHealth and hygiene. |
||
| 650 |
_aPrisoners _xReligious life _zPhilippines. |
||
| 942 |
_2lcc _cPASS |
||
| 999 |
_c96751 _d96751 |
||